The 4th secret of the one minute manager : a powerful way to make things better
| Main Author: | |
|---|---|
| Other Authors: | |
| Format: | Book |
| Published: |
New York :
HarperCollins Publishers ,
2003
|
| Subjects: |
MARC
| LEADER | 00000cam a2200000 7i4500 | ||
|---|---|---|---|
| 001 | 0000121343 | ||
| 005 | 20080911.0 | ||
| 020 | |a 9780061470318 | ||
| 090 | 0 | 0 | |a 658.4095 |b BLA |
| 100 | 1 | |a Blanchard, Ken | |
| 245 | 1 | 4 | |a The 4th secret of the one minute manager : |b a powerful way to make things better |c Ken Blanchard and Margret McBride |
| 260 | |a New York : |b HarperCollins Publishers , |c 2003 | ||
| 300 | |a 124p. ; |c 22cm. | ||
| 650 | 0 | 0 | |a Apologizing |
| 650 | 0 | 0 | |a Leadership |
| 700 | 1 | |a McBride, Margret | |
| 999 | |a 00217318 |b BUKU |c PINJAMAN |e PERPUSTAKAAN KOMUNITI PETALING JAYA | ||